[Event "Titled Tue 3rd Jun Early"]
[Site "chess.com INT"]
[Date "2025.06.03"]
[Round "4"]
[White "Bashirli, Saadat"]
[Black "Sobek, Jaroslav"]
[Result "1/2-1/2"]
[WhiteTitle "WCM"]
[BlackTitle "FM"]
[WhiteElo "1941"]
[BlackElo "2195"]
[WhiteFideId "13429990"]
[BlackFideId "301388"]
[EventDate "2025.06.03"]

1. d4 Nf6 2. c4 e5 3. dxe5 Ng4 4. e3 Nxe5 5. Nh3 Nbc6 6. Nc3 Bb4 7. Nf4 Bxc3+ 8.
bxc3 d6 9. Be2 O-O 10. O-O b6 11. Bb2 Bb7 12. Nd5 Nd7 13. e4 Nc5 14. Qc2 Re8 15.
f3 Rc8 16. Rad1 Qh4 17. g3 Qh3 18. Rf2 Ba6 19. Bf1 Qd7 20. Ne3 Na5 21. Ba3 Qa4
22. Bxc5 Qxc2 23. Rxc2 bxc5 24. Rb2 Rb8 25. Rdb1 Rb6 26. Nd5 Rxb2 27. Rxb2 Bxc4
28. Nxc7 Rc8 29. Bxc4 Nxc4 30. Rb7 a5 31. Nd5 Ra8 32. Kf2 h6 33. Ke2 a4 34. Nb6
Nxb6 35. Rxb6 Rd8 36. c4 Kf8 37. Kd3 Ke7 38. Ra6 Rb8 39. Rxa4 Rb2 40. h4 Rg2 41.
g4 Rh2 42. h5 g6 43. hxg6 fxg6 44. Ra7+ Ke6 45. a4 Rf2 46. Ke3 Rc2 47. Kd3 Rf2
48. Ke3 Rc2 49. Kd3 Rf2 1/2-1/2

[Event "Titled Tue 3rd Jun Early"]
[Site "chess.com INT"]
[Date "2025.06.03"]
[Round "4"]
[White "Akkara, Omer"]
[Black "Myagmarsuren, Evsuld"]
[Result "1-0"]
[WhiteTitle "CM"]
[BlackTitle "FM"]
[WhiteElo "2036"]
[BlackElo "2292"]
[WhiteFideId "26319802"]
[BlackFideId "1551639"]
[EventDate "2025.06.03"]

1. e4 d5 2. exd5 Qxd5 3. Nf3 c6 4. d4 Bf5 5. Bd3 Bxd3 6. Qxd3 Nf6 7. c4 Qd8 8.
Be3 e6 9. O-O Nbd7 10. Rd1 Be7 11. Nc3 O-O 12. Ne4 Nxe4 13. Qxe4 Nf6 14. Qd3 a5
15. h3 a4 16. a3 Qa5 17. Rab1 Rfd8 18. Qc2 Qa6 19. Ne5 Rac8 20. Nd3 b5 21. c5
Nd5 22. Qe2 Nxe3 23. Qxe3 Bf6 24. Nb4 Qb7 25. Rd3 Rd7 26. Rbd1 Rcd8 27. Qe4 Rc8
28. f4 g6 29. Kh1 h5 30. g4 hxg4 31. hxg4 Qc7 32. f5 exf5 33. gxf5 g5 34. d5 Kg7
35. d6 Qa7 36. Rc1 Rh8+ 37. Kg2 Bxb2 38. Rc2 Bf6 39. Nxc6 Qa8 40. Qf3 Rh4 41.
Ne5 Rh2+ 42. Kxh2 Bxe5+ 43. Kg2 Qa7 44. Qe4 f6 45. c6 Rxd6 46. Rxd6 Bxd6 47. c7
Bxc7 48. Qe7+ Kh6 49. Qxf6+ Kh5 50. Qf7+ Kg4 51. Qxc7 Qd4 52. Qg3+ Kxf5 53. Qf2+
Kg6 54. Qxd4 1-0

[Event "Titled Tue 3rd Jun Early"]
[Site "chess.com INT"]
[Date "2025.06.03"]
[Round "4"]
[White "Leinov, Roman"]
[Black "Thake, Conrad"]
[Result "1-0"]
[WhiteTitle "CM"]
[BlackTitle "CM"]
[WhiteElo "2120"]
[BlackElo "1873"]
[WhiteFideId "13504649"]
[BlackFideId "5602947"]
[EventDate "2025.06.03"]

1. Nf3 Nf6 2. g3 g6 3. Bg2 Bg7 4. O-O O-O 5. c4 c5 6. Nc3 Nc6 7. d4 cxd4 8. Nxd4
e5 9. Nxc6 dxc6 10. b3 Be6 11. Ba3 Re8 12. Qxd8 Raxd8 13. Rad1 h5 14. Bd6 Ng4
15. h3 Nh6 16. Ne4 Nf5 17. Bc7 Rc8 18. Ba5 b6 19. Bc3 Red8 20. e3 Kf8 21. Ng5
Ke7 22. Nxe6 Rxd1 23. Rxd1 Kxe6 24. h4 Bf8 25. Bh3 e4 26. f3 Ke7 27. fxe4 Nxg3
28. Bb4+ Ke8 29. Bxc8 Bxb4 30. Bd7+ Ke7 31. Bxc6 Ne2+ 32. Kf2 Nc3 33. Rd7+ Ke6
34. Rxa7 Be7 35. Bd5+ Kf6 36. Ra6 Bc5 37. a3 Nd1+ 38. Ke2 Nb2 39. b4 Bd6 40.
Rxb6 Ke5 41. Kd2 Na4 42. Ra6 Nb2 43. Kc2 Nxc4 44. Bxc4 g5 45. Bxf7 g4 46. Bxh5
g3 47. Bf3 Be7 48. Rg6 1-0

[Event "Titled Tue 3rd Jun Early"]
[Site "chess.com INT"]
[Date "2025.06.03"]
[Round "4"]
[White "Lau, Lut Yin Luke"]
[Black "Ugarte Soto, Cesar"]
[Result "1-0"]
[WhiteTitle "CM"]
[BlackTitle "CM"]
[WhiteElo "2243"]
[BlackElo "2088"]
[WhiteFideId "6002226"]
[BlackFideId "3601331"]
[EventDate "2025.06.03"]

1. d4 Nf6 2. c4 e6 3. a3 d5 4. Nf3 Nbd7 5. e3 Be7 6. Nc3 O-O 7. Be2 dxc4 8. Bxc4
a6 9. O-O b5 10. Ba2 Bb7 11. Qe2 c5 12. Rd1 Qb6 13. e4 cxd4 14. Nxd4 Ne5 15. Be3
Neg4 16. Nf5 Nxe3 17. Nxe7+ Kh8 18. Qxe3 Qxe3 19. fxe3 Rfe8 20. e5 Ng4 21. Rd7
Rab8 22. Rc7 Nxe3 23. Nc6 Rec8 24. Rxc8+ Rxc8 25. Na5 Ba8 26. g3 Ng4 27. Re1 h5
28. h3 Nh6 29. Rd1 Nf5 30. Kf2 Kh7 31. Bb1 g6 32. Be4 Bxe4 33. Nxe4 Rc2+ 34. Rd2
Rc7 35. Nb3 Kg7 36. Nbc5 a5 37. Rd7 Rc6 38. g4 hxg4 39. hxg4 Nh6 40. Kf3 b4 41.
a4 g5 42. Ra7 Kg6 43. Rxa5 Rc8 44. Rb5 Ng8 45. a5 Ne7 46. a6 Ra8 47. Rxb4 Nd5
48. Rb7 Rc8 49. a7 Ra8 50. Nd6 f5 51. exf6 Nxf6 52. Nxe6 Nd5 53. Nf5 Kf6 54. Nc7
Nf4 55. Nxa8 1-0

[Event "Titled Tue 3rd Jun Early"]
[Site "chess.com INT"]
[Date "2025.06.03"]
[Round "4"]
[White "Zlatin, Alexander"]
[Black "Soham, Kamotra"]
[Result "1-0"]
[WhiteTitle "FM"]
[BlackTitle "IM"]
[WhiteElo "2306"]
[BlackElo "2407"]
[WhiteFideId "2810549"]
[BlackFideId "46647490"]
[EventDate "2025.06.03"]

1. e4 c6 2. c4 d5 3. exd5 cxd5 4. cxd5 Nf6 5. Qa4+ Nbd7 6. Nc3 g6 7. Nge2 Bg7 8.
Nf4 O-O 9. g3 a6 10. Bg2 b5 11. Qb3 Bb7 12. O-O Nb6 13. a4 g5 14. Nh3 bxa4 15.
Nxa4 Nxa4 16. Qxb7 Nc5 17. Qb4 Nd3 18. Qd4 Nxc1 19. Rfxc1 h6 20. d6 Rb8 21. Rxa6
Ne8 22. Qg4 Nxd6 23. d4 Rxb2 24. Ra8 Qb6 25. Rxf8+ Bxf8 26. Bf1 Bg7 27. Rd1 Rb4
28. Qe2 e6 29. d5 Rb2 30. Qf3 e5 31. Bd3 Rb3 32. Ra1 e4 33. Ra8+ Bf8 34. Qf6
Rxd3 35. Qxh6 Nc8 36. Qxg5+ Qg6 37. Qd8 Rd1+ 38. Kg2 Qg4 39. Ng5 Qe2 40. Kh3
Qh5+ 41. Kg2 Qe2 42. Kh3 Qh5+ 43. Kg2 Rd2 44. Rxc8 1-0

[Event "Titled Tue 3rd Jun Early"]
[Site "chess.com INT"]
[Date "2025.06.03"]
[Round "4"]
[White "Shapiro, Daniel"]
[Black "Jahnz, Laurin"]
[Result "0-1"]
[WhiteTitle "FM"]
[BlackTitle "CM"]
[WhiteElo "2284"]
[BlackElo "2233"]
[WhiteFideId "2001780"]
[BlackFideId "16261089"]
[EventDate "2025.06.03"]

1. d4 Nf6 2. c4 c6 3. Nf3 e6 4. Nc3 d5 5. Qb3 Bd6 6. Bg5 O-O 7. e3 Nbd7 8. Rd1
h6 9. Bh4 Re8 10. Bd3 dxc4 11. Bxc4 b5 12. Be2 a5 13. a3 Bb7 14. O-O Qc7 15. Bg3
Bxg3 16. hxg3 Rac8 17. e4 Nb6 18. e5 Nfd5 19. Ne4 Rcd8 20. Rc1 Qb8 21. Nd6 Re7
22. Nd2 Nc8 23. N2e4 Ndb6 24. Qc2 Nxd6 25. Nxd6 Ba8 26. Bf3 Nc8 27. Nxc8 Rxc8
28. Qc5 Rd7 29. Rfd1 Rcd8 30. Be4 g6 31. f4 Kg7 32. g4 b4 33. f5 bxa3 34. bxa3
Qb5 35. f6+ Kh7 36. Qc3 Qb6 37. Kh2 Rxd4 38. Re1 c5 39. Bxa8 Rxa8 40. Qxc5 Qxc5
41. Rxc5 Rxg4 42. Rc7 Kg8 43. Rd1 Re4 44. Rdd7 Rf8 45. Rc5 Ra4 46. Rcc7 Rxa3 47.
Ra7 a4 48. Rdc7 Re3 49. Ra5 a3 50. Rca7 h5 51. Ra8 Rxa8 52. Rxa8+ Kh7 53. Ra7
Rxe5 0-1

[Event "Titled Tue 3rd Jun Early"]
[Site "chess.com INT"]
[Date "2025.06.03"]
[Round "4"]
[White "Jumabayev, Rinat"]
[Black "Sapocinic, Semion"]
[Result "0-1"]
[WhiteTitle "GM"]
[BlackTitle "FM"]
[WhiteElo "2551"]
[BlackElo "2309"]
[WhiteFideId "13702661"]
[BlackFideId "13908693"]
[EventDate "2025.06.03"]

1. Nf3 d5 2. g3 Nf6 3. Bg2 Nbd7 4. d4 Nb6 5. a4 a5 6. b3 h6 7. Ba3 Bf5 8. Nbd2
e6 9. Bxf8 Kxf8 10. c4 g5 11. O-O Kg7 12. e3 c6 13. Qe2 Ne4 14. Rac1 Rc8 15.
Rfd1 Nd7 16. Ne1 Nxd2 17. Rxd2 Nf6 18. Nd3 Be4 19. Bf1 h5 20. Ne5 h4 21. g4 Nd7
22. f3 Bh7 23. Nd3 Bxd3 24. Qxd3 Rf8 25. Rdc2 Qe7 26. Qd2 Qb4 27. Qxb4 axb4 28.
c5 Ra8 29. h3 Ra5 30. Bd3 f5 31. Kg2 f4 32. e4 dxe4 33. fxe4 Rd8 34. Rc4 Ne5 35.
dxe5 Rxd3 36. Rxb4 Ra7 37. Rcc4 Rd2+ 38. Kg1 Rd3 39. Rd4 Rxh3 40. Rd7+ Kg6 41.
Rbxb7 Rxb7 42. Rxb7 Rg3+ 43. Kh2 f3 44. Rb8 Kg7 45. Rb7+ Kg6 46. Rb8 Rxg4 47.
Rf8 Rxe4 48. Rxf3 g4 49. Rc3 Kf5 50. a5 Re2+ 51. Kg1 Ra2 52. b4 g3 53. Kf1 Kf4
54. Kg1 h3 55. Rc4+ Kxe5 56. Rc1 Kd5 57. Kh1 e5 58. Kg1 e4 59. Kh1 e3 60. Kg1 e2 0-1

[Event "Titled Tue 3rd Jun Early"]
[Site "chess.com INT"]
[Date "2025.06.03"]
[Round "4"]
[White "Perossa, Nicolas"]
[Black "Sonis, Francesco"]
[Result "0-1"]
[WhiteTitle "FM"]
[BlackTitle "GM"]
[WhiteElo "2262"]
[BlackElo "2570"]
[WhiteFideId "2850520"]
[BlackFideId "895733"]
[EventDate "2025.06.03"]

1. e4 g6 2. d4 Bg7 3. Nc3 d6 4. Be3 a6 5. Qd2 Nd7 6. h4 h6 7. O-O-O b5 8. g4 Bb7
9. Bg2 Nb6 10. f4 Nc4 11. Qe2 Nxe3 12. Qxe3 Nf6 13. Bf3 b4 14. Nd5 Nxd5 15. exd5
Qd7 16. Re1 O-O-O 17. Nh3 Kb8 18. Nf2 Qb5 19. Qd3 Qxd3 20. Nxd3 a5 21. Rxe7 Rhf8
22. c3 Ba6 23. Kc2 Rde8 24. Rhe1 Rxe7 25. Rxe7 Bf6 26. Re1 Bxh4 27. Rh1 g5 28.
cxb4 Re8 29. Kd2 a4 30. f5 Bc4 31. a3 Kc8 32. Rc1 Bb5 33. Rg1 Bxd3 34. Kxd3 Bf2
35. Rg2 Re3+ 36. Kd2 Rxf3 37. Ke2 Rf4 38. Rxf2 Rxg4 39. Rh2 Rxd4 40. Rxh6 Kd7
41. Rh7 Ke7 42. Rh8 Rxd5 43. Ra8 Rxf5 44. Rxa4 g4 45. Ra8 Re5+ 46. Kf2 f5 47.
Kg3 Re3+ 48. Kg2 f4 49. Rg8 Re2+ 50. Kf1 Rxb2 51. Rxg4 f3 52. Rf4 Rb3 53. a4 Ke6
54. Kf2 Kd5 55. a5 Kc6 56. Rf7 Rxb4 57. a6 Ra4 58. Kxf3 Rxa6 59. Ke4 Ra4+ 60.
Kd3 d5 61. Kc3 Kd6 62. Rf6+ Kc5 63. Rf7 c6 64. Kc2 Ra3 65. Rf4 Rh3 66. Rg4 d4
67. Rg6 Kd5 0-1

[Event "Titled Tue 3rd Jun Early"]
[Site "chess.com INT"]
[Date "2025.06.03"]
[Round "4"]
[White "Chan, Kim Yew"]
[Black "Leiva, Gianmarco"]
[Result "0-1"]
[WhiteTitle "FM"]
[BlackTitle "IM"]
[WhiteElo "2304"]
[BlackElo "2387"]
[WhiteFideId "5717981"]
[BlackFideId "3804399"]
[EventDate "2025.06.03"]

1. c4 e6 2. Nc3 d5 3. d4 a6 4. cxd5 exd5 5. Nf3 c6 6. Bf4 Bd6 7. Bxd6 Qxd6 8. e3
Ne7 9. Bd3 Bf5 10. O-O O-O 11. Rb1 a5 12. Na4 Na6 13. Bxf5 Nxf5 14. Qc2 g6 15.
a3 Qe7 16. Rbc1 Nd6 17. Nc5 Nxc5 18. Qxc5 a4 19. Ne5 Rfe8 20. Rb1 f6 21. Nd3 Nc4
22. Rfd1 Qxc5 23. Nxc5 Re7 24. Re1 Kf7 25. Nxa4 Rxa4 26. b3 Rxa3 27. bxc4 dxc4
28. Rb6 Ke6 29. g3 Kd5 30. Reb1 c3 31. Kf1 Kc4 32. R6b4+ Kd3 33. Rd1+ Kc2 34.
Ke2 Rb3 35. Rxb3 Kxb3 36. Kd3 Kb2 37. Re1 b5 38. Re2+ Kb3 39. Re1 b4 40. Rb1+
Ka3 41. Kc2 Ka4 42. Kd3 Kb5 43. Ra1 c5 44. dxc5 Rd7+ 45. Kc2 Rd2+ 46. Kc1 Rxf2
47. Ra8 b3 48. Rb8+ Kc4 0-1

[Event "Titled Tue 3rd Jun Early"]
[Site "chess.com INT"]
[Date "2025.06.03"]
[Round "4"]
[White "Gunawardhana, Devindya Oshini"]
[Black "Nguyen Quang Anh"]
[Result "1-0"]
[WhiteTitle "WIM"]
[BlackTitle "CM"]
[WhiteElo "2068"]
[BlackElo "2052"]
[WhiteFideId "29941482"]
[BlackFideId "12432377"]
[EventDate "2025.06.03"]

1. Nf3 Nf6 2. g3 g6 3. Bg2 Bg7 4. O-O O-O 5. d4 c5 6. c3 d5 7. dxc5 Ne4 8. Be3
Na6 9. Bd4 Naxc5 10. Bxg7 Kxg7 11. Nbd2 Kg8 12. Nxe4 Nxe4 13. Nd4 Nf6 14. Nb3 b6
15. Qd2 Kg7 16. Rad1 Bb7 17. Qf4 Rc8 18. e4 Rc4 19. Nd4 Qc7 20. e5 Nd7 21. Rfe1
e6 22. Bf1 Rc5 23. Bh3 Re8 24. Rd3 Nf8 25. Rf3 a6 26. Bf1 Qe7 27. h4 Rc7 28. h5
g5 29. Qg4 h6 30. Bd3 Nd7 31. Qh3 Kg8 32. Bc2 b5 33. Qf1 Bc8 34. Qd3 Nf8 35. Rf6
Kg7 36. Qf3 Nd7 37. Rf5 Nf8 38. Rf6 Nd7 39. Rf5 Kg8 40. Rf6 Nxf6 41. exf6 Qc5
42. Qd3 1-0

[Event "Titled Tue 3rd Jun Early"]
[Site "chess.com INT"]
[Date "2025.06.03"]
[Round "4"]
[White "Laddha, Yash Jayesh"]
[Black "Hossain, Enamul"]
[Result "1-0"]
[WhiteTitle "CM"]
[BlackTitle "GM"]
[WhiteElo "2053"]
[BlackElo "2348"]
[WhiteFideId "30942780"]
[BlackFideId "10200649"]
[EventDate "2025.06.03"]

1. e4 e6 2. d4 d5 3. Nc3 Bb4 4. exd5 exd5 5. Bd3 c6 6. Bf4 Ne7 7. Qd2 Bf5 8. Nf3
Nd7 9. a3 Ba5 10. b4 Bc7 11. Bxc7 Qxc7 12. Bxf5 Nxf5 13. Qe2+ Kf8 14. O-O Re8
15. Qd3 g6 16. Rae1 Kg7 17. g3 h5 18. h4 Nf6 19. Ne5 Ng4 20. Nxg4 hxg4 21. Kg2
Nd6 22. Qd1 Qd7 23. Ne2 Qf5 24. Nf4 Ne4 25. Re3 g5 26. hxg5 Qh7 27. Qxg4 Nd2 28.
Nh5+ Qxh5 29. Qxh5 Rxe3 30. Qxh8+ Kxh8 31. Rh1+ Kg7 32. fxe3 Nc4 33. Kf3 Nxa3
34. Ra1 Nb5 35. Kf4 a6 36. Rh1 Na3 37. Rh2 Nc4 38. Rh6 Na3 39. Rd6 Nxc2 40. Rd7
b5 41. Ke5 Kg6 42. Kf4 Nxb4 43. Rd6+ Kg7 44. Kf5 a5 45. g6 fxg6+ 46. Rxg6+ Kf7
47. Rd6 a4 48. Rd7+ Ke8 49. Ra7 Nc2 50. Kf4 a3 51. g4 b4 52. g5 b3 53. g6 Kf8
54. Kf5 a2 55. Kf6 Ke8 56. g7 a1=Q 57. g8=Q# 1-0

[Event "Titled Tue 3rd Jun Early"]
[Site "chess.com INT"]
[Date "2025.06.03"]
[Round "4"]
[White "Tan, Zhongyi"]
[Black "Di Benedetto, Guillermo"]
[Result "0-1"]
[WhiteTitle "GM"]
[BlackTitle "FM"]
[WhiteElo "2536"]
[BlackElo "2289"]
[WhiteFideId "8603642"]
[BlackFideId "111120"]
[EventDate "2025.06.03"]

1. e4 g6 2. d4 Bg7 3. Nc3 c6 4. f4 d5 5. e5 Nh6 6. Nf3 f6 7. h3 Nf5 8. g4 Ng3 9.
Rg1 Ne4 10. Bd3 f5 11. gxf5 Bxf5 12. Ng5 Nxg5 13. Bxf5 Nf7 14. Be6 Nd7 15. f5
Nf8 16. Be3 Nxe6 17. fxe6 Nh6 18. Qd2 Nf5 19. O-O-O Qc8 20. Na4 b6 21. Bf4 Qxe6
22. Kb1 O-O 23. Nc3 Qd7 24. Rg4 e6 25. h4 c5 26. Ne2 Nxd4 27. Nxd4 cxd4 28. Rdg1
Rf5 29. Qxd4 Raf8 30. a3 Qf7 31. Bg3 Rf1+ 32. Rxf1 Qxf1+ 33. Ka2 Qf5 34. c3 Rc8
35. Rf4 Bxe5 36. Rxf5 Bxd4 37. Rf3 Bg7 38. Re3 Re8 39. a4 e5 40. b4 e4 41. Kb3
d4 42. cxd4 Bxd4 43. Re2 Bf6 44. a5 bxa5 45. bxa5 Kf7 46. Bf2 h5 47. Kc4 Re7 48.
a6 Re6 49. Kb5 e3 50. Rxe3 Rb6+ 51. Ka5 Bd8 52. Rf3+ Rf6+ 53. Ka4 Rxf3 0-1

[Event "Titled Tue 3rd Jun Early"]
[Site "chess.com INT"]
[Date "2025.06.03"]
[Round "4"]
[White "Manvelyan, Mikayel"]
[Black "Jai Sankar Subramanian"]
[Result "1-0"]
[WhiteTitle "FM"]
[BlackTitle "FM"]
[WhiteElo "2362"]
[BlackElo "2307"]
[WhiteFideId "13310143"]
[BlackFideId "25931970"]
[EventDate "2025.06.03"]

1. e4 c5 2. Nf3 Nc6 3. d4 cxd4 4. Nxd4 e6 5. Nc3 Nf6 6. Ndb5 d6 7. Bf4 e5 8. Bg5
a6 9. Na3 Be7 10. Bxf6 Bxf6 11. Nc4 Nd4 12. Nd5 b5 13. Ncb6 Rb8 14. Nxc8 Rxc8
15. c3 Ne6 16. a4 O-O 17. axb5 axb5 18. Bxb5 Nc5 19. Qe2 Rb8 20. Bc4 Ne6 21. O-O
Nf4 22. Qd2 Bg5 23. Qc2 Kh8 24. Nxf4 Bxf4 25. g3 Bg5 26. Ra7 f5 27. exf5 d5 28.
Rd1 Qb6 29. Ra6 Qxb2 30. Qxb2 Rxb2 31. Bxd5 h5 32. h4 Be7 33. Be4 Bc5 34. Rf1
Re2 35. Bf3 Rc2 36. Bxh5 Rxc3 37. g4 e4 38. Re6 e3 39. fxe3 Bxe3+ 40. Kg2 Bd4
41. Rd1 Bc5 42. Re8 Rxe8 43. Bxe8 Be7 44. g5 Rc5 45. Bg6 1-0

[Event "Titled Tue 3rd Jun Early"]
[Site "chess.com INT"]
[Date "2025.06.03"]
[Round "4"]
[White "Ejsymont, Blanka"]
[Black "Logozar, Elijah"]
[Result "1-0"]
[WhiteTitle "WCM"]
[WhiteElo "1907"]
[BlackElo "1945"]
[WhiteFideId "21088268"]
[BlackFideId "30963788"]
[EventDate "2025.06.03"]

1. e4 c5 2. Nf3 d6 3. Qe2 Nf6 4. d3 Nc6 5. g3 e6 6. Bg2 Be7 7. O-O O-O 8. Nbd2
Bd7 9. c3 Qc7 10. d4 cxd4 11. cxd4 Rfc8 12. b3 Nb4 13. Bb2 Qc2 14. Rab1 Nxa2 15.
e5 Nd5 16. exd6 Bxd6 17. Ne1 Nac3 18. Bxc3 Nxc3 19. Qe3 Qg6 20. Bxb7 Nxb1 21.
Ne4 Bb4 22. Nd3 Na3 23. Nxb4 a5 24. Nd3 Nc2 25. Qf4 Nxd4 26. Qe3 Nf5 27. Qf4 Bb5
28. Ne5 Qh6 29. Qxh6 Nxh6 30. Re1 Rab8 31. Bxc8 Rxc8 32. Nd6 Rb8 33. Rc1 Kf8 34.
Rc7 f6 35. Nxb5 Rxb5 36. Nd7+ Ke7 37. Ra7 Rxb3 38. Nc5+ Kd6 39. Nxb3 Nf5 40.
Nxa5 e5 41. Nc4+ Kd5 42. Ne3+ Nxe3 43. fxe3 g5 44. Kf2 h5 45. Kf3 g4+ 46. Ke2
Ke4 47. Ra4+ Kf5 48. e4+ Kg5 49. Ke3 h4 50. Ra5 h3 51. Ra8 f5 52. exf5 Kxf5 53.
Rf8+ Ke6 54. Ke4 Kd6 55. Rf5 Ke6 56. Rxe5+ Kf6 57. Rf5+ Kg6 58. Rf4 1-0

[Event "Titled Tue 3rd Jun Early"]
[Site "chess.com INT"]
[Date "2025.06.03"]
[Round "4"]
[White "Skatchkov, Pavel"]
[Black "Klukin, Kirill"]
[Result "0-1"]
[WhiteTitle "GM"]
[BlackTitle "IM"]
[WhiteElo "2457"]
[BlackElo "2407"]
[WhiteFideId "4121848"]
[BlackFideId "24199273"]
[EventDate "2025.06.03"]

1. d4 e6 2. c4 f5 3. g3 Nf6 4. Bg2 c6 5. Nh3 d6 6. O-O Be7 7. Nc3 e5 8. e4 fxe4
9. dxe5 dxe5 10. Ng5 Qxd1 11. Rxd1 Bg4 12. Re1 Nbd7 13. h3 Bf5 14. g4 Bg6 15.
Ne6 Kf7 16. Ng5+ Ke8 17. Ne6 Kf7 18. Ng5+ Kg8 19. Ngxe4 h6 20. Be3 Kh7 21. Rad1
Rhd8 22. b3 Kg8 23. Re2 Nxe4 24. Bxe4 Bxe4 25. Nxe4 b6 26. Red2 Nf8 27. Kg2 Kf7
28. Kf3 Rxd2 29. Bxd2 Rd8 30. Ke2 Ne6 31. Be3 Nd4+ 32. Bxd4 exd4 33. Kd3 c5 34.
f4 a6 35. a4 g6 36. Rf1 h5 37. Ng5+ Kg8 38. Ne6 Rd6 39. f5 hxg4 40. hxg4 gxf5
41. gxf5 Kf7 42. Nf4 Rd8 43. Nd5 Rh8 44. Re1 Bd8 45. Re6 Rh3+ 46. Kc2 d3+ 47.
Kc3 Bg5 48. Rg6 d2+ 49. Kc2 Rh1 50. Nc3 Rc1+ 51. Kb2 Rxc3 0-1

[Event "Titled Tue 3rd Jun Early"]
[Site "chess.com INT"]
[Date "2025.06.03"]
[Round "4"]
[White "Devagharan, Devina"]
[Black "Gutierrez Carmona, Juan Alejandro"]
[Result "1/2-1/2"]
[WhiteTitle "WFM"]
[BlackTitle "FM"]
[WhiteElo "1860"]
[BlackElo "2036"]
[WhiteFideId "2061600"]
[BlackFideId "5106770"]
[EventDate "2025.06.03"]

1. d4 d5 2. c4 e6 3. Nc3 Nf6 4. cxd5 exd5 5. Bg5 c6 6. e3 Be7 7. Bd3 Nbd7 8. Qc2
h6 9. Bh4 O-O 10. Nf3 Re8 11. O-O Ne4 12. Bxe7 Qxe7 13. Rab1 Ndf6 14. Ne5 Bf5
15. f3 Nxc3 16. Qxc3 Bxd3 17. Qxd3 Nd7 18. Nxd7 Qxd7 19. b4 Re6 20. Kf2 Rae8 21.
Rfe1 a6 22. a4 Qe7 23. g3 h5 24. b5 axb5 25. axb5 h4 26. bxc6 bxc6 27. Rb3 c5
28. dxc5 Qxc5 29. Rc3 Qd6 30. Qd4 hxg3+ 31. hxg3 Rg6 32. Qf4 d4 33. Qxd6 Rxd6
34. exd4 Rxe1 35. Kxe1 Rxd4 36. Kf2 g5 37. Ke3 Rd1 38. Ke4 Kg7 39. Kf5 Rd5+ 40.
Kg4 Kg6 41. Rc6+ f6 42. Ra6 Rc5 43. Kh3 Rc3 44. Kg2 Rc2+ 45. Kh3 Rf2 46. Kg4 Rf1
47. Rb6 Rf2 48. Rc6 Rf1 49. f4 gxf4 50. gxf4 Rg1+ 51. Kf3 Rf1+ 52. Ke3 Re1+ 53.
Kf2 Rb1 54. Kf3 Rf1+ 55. Kg4 Rg1+ 56. Kh3 Rf1 57. Kg3 Rg1+ 58. Kf2 Rb1 59. Kf3
Rf1+ 1/2-1/2

[Event "Titled Tue 3rd Jun Early"]
[Site "chess.com INT"]
[Date "2025.06.03"]
[Round "4"]
[White "Deac, Bogdan-Daniel"]
[Black "Ambartsumian, Tyhran"]
[Result "1-0"]
[WhiteTitle "GM"]
[BlackTitle "CM"]
[WhiteElo "2668"]
[BlackElo "2179"]
[WhiteFideId "1226380"]
[BlackFideId "34161112"]
[EventDate "2025.06.03"]

1. d4 Nf6 2. c4 e6 3. Nc3 Bb4 4. e3 O-O 5. Bd3 d5 6. a3 Bxc3+ 7. bxc3 dxc4 8.
Bxc4 c5 9. Nf3 Qc7 10. Be2 b6 11. Bb2 cxd4 12. cxd4 Ba6 13. O-O Bxe2 14. Qxe2
Nbd7 15. e4 Qb7 16. Rfe1 Rac8 17. a4 Rc7 18. Qd3 Rfc8 19. Re2 h6 20. h3 a6 21.
Ne1 b5 22. axb5 Qxb5 23. Qxb5 axb5 24. f3 Nb6 25. Ra5 Na4 26. Rxb5 Nc3 27. Bxc3
Rxc3 28. Kf2 g5 29. Rd2 Rd8 30. Nc2 Kg7 31. Ne3 Ra3 32. d5 exd5 33. e5 Ne8 34.
Nf5+ Kg6 35. Ne7+ Kg7 36. Rbxd5 Rxd5 37. Rxd5 Ra7 38. Nf5+ Kg6 39. g4 Ra2+ 40.
Kg3 Ra8 41. h4 gxh4+ 42. Nxh4+ Kh7 43. Rd7 Kg8 44. Nf5 Ra6 45. Rd8 Re6 46. Nd6
Kf8 47. Rxe8+ Rxe8 48. Nxe8 Kxe8 49. f4 Ke7 50. Kf3 f6 51. Ke4 fxe5 52. Kxe5 1-0

[Event "Titled Tue 3rd Jun Early"]
[Site "chess.com INT"]
[Date "2025.06.03"]
[Round "4"]
[White "Jasinski, Alexander"]
[Black "Zhou, Yuxu"]
[Result "1-0"]
[BlackTitle "CM"]
[WhiteElo "1964"]
[BlackElo "2087"]
[WhiteFideId "55627994"]
[BlackFideId "8626421"]
[EventDate "2025.06.03"]

1. e4 Nf6 2. Qe2 Nc6 3. Nf3 e5 4. g3 Bc5 5. Bg2 O-O 6. O-O d6 7. c3 a5 8. Rd1
Bb6 9. d4 exd4 10. cxd4 Bg4 11. e5 Nd7 12. exd6 cxd6 13. Be3 Re8 14. Qd3 Qf6 15.
Nbd2 Nb4 16. Qb3 Be6 17. Qa4 Rac8 18. Ne4 Qe7 19. Bf4 Bc7 20. Nfg5 Nb6 21. Qxa5
N6d5 22. Qb5 Nxf4 23. gxf4 d5 24. Nxe6 fxe6 25. Nc5 Na6 26. Nxe6 Bd6 27. Bxd5
Kh8 28. Qxb7 Nc7 29. Nxc7 Rxc7 30. Qb3 Bxf4 31. Qf3 Qg5+ 32. Qg2 Qh4 33. Re1 Rf8
34. h3 Rd7 35. Be6 Rxd4 36. Bg4 Rd2 37. Rf1 Be3 38. Kh1 Bxf2 39. Rae1 h5 40. Re2
Rxe2 41. Bxe2 Bc5 42. Rxf8+ Bxf8 43. Qf3 Qe1+ 44. Kg2 Qb4 45. Qxh5+ Kg8 46. b3
Qe4+ 47. Qf3 Qg6+ 48. Qg4 Qc6+ 49. Qf3 Qg6+ 50. Kh1 Bc5 51. Bc4+ Kh7 52. Bd3 1-0

[Event "Titled Tue 3rd Jun Early"]
[Site "chess.com INT"]
[Date "2025.06.03"]
[Round "4"]
[White "Daspres, Loic"]
[Black "Elier, Ali"]
[Result "1-0"]
[WhiteTitle "CM"]
[BlackTitle "CM"]
[WhiteElo "2207"]
[BlackElo "2142"]
[WhiteFideId "20612281"]
[BlackFideId "16217543"]
[EventDate "2025.06.03"]

1. e4 e5 2. Nf3 Nc6 3. Bb5 Nf6 4. d3 Bc5 5. Nc3 d6 6. h3 O-O 7. Bxc6 bxc6 8. g4
h6 9. Be3 Bb4 10. Qd2 d5 11. Nxe5 d4 12. Nxc6 dxe3 13. Qxe3 Qd6 14. Nxb4 Qxb4
15. Rb1 Be6 16. Ke2 Rfe8 17. f4 Rad8 18. g5 hxg5 19. fxg5 Nd7 20. h4 g6 21. Kf2
Bg4 22. Rhg1 Bh5 23. Nd5 Qd6 24. Qf4 Qxf4+ 25. Nxf4 Ne5 26. Nxh5 gxh5 27. Ke3
Ng4+ 28. Kf4 Rb8 29. b4 Re6 30. a3 Rc6 31. Rb2 Rc3 32. Ra1 a5 33. b5 a4 34. Raa2
Rc5 35. Rb4 Rbxb5 36. Rxa4 Rc3 37. Rb4 Rxa3 38. Rxa3 Rxb4 39. Rc3 Rb7 40. Rc6
Nf2 41. Ke3 Nd1+ 42. Kd2 Nb2 43. g6 Rb6 44. Rxb6 cxb6 45. gxf7+ Kxf7 46. c4 Ke6
47. Kc3 Na4+ 48. Kb4 Nc5 49. Kc3 Nd7 50. d4 Kd6 51. Kd3 Nf6 52. Ke3 Ke6 53. Kf4
Nh7 54. c5 bxc5 55. dxc5 Nf6 56. c6 Kd6 57. e5+ Kxc6 58. exf6 Kd7 59. Kg5 Ke6
60. Kg6 Kd7 61. f7 Ke7 62. Kg7 1-0